Designing and development of a software for web based shopping (Record no. 181117)
[ view plain ]
| 000 -LEADER | |
|---|---|
| fixed length control field | 00625 a2200181 4500 |
| 003 - CONTROL NUMBER IDENTIFIER | |
| control field | Nust |
| 005 - DATE AND TIME OF LATEST TRANSACTION | |
| control field | 20170207153204.0 |
| 040 ## - CATALOGING SOURCE | |
| Transcribing agency | Nust |
| 082 ## - DEWEY DECIMAL CLASSIFICATION NUMBER | |
| Classification number | 005.1 |
| 100 ## - MAIN ENTRY--PERSONAL NAME | |
| Personal name | Iqbal, Muhammad Javed ( MSCS-7) |
| 245 ## - TITLE STATEMENT | |
| Title | Designing and development of a software for web based shopping |
| Statement of responsibility, etc. | Muhammad Javed Iqbal |
| 260 ## - PUBLICATION, DISTRIBUTION, ETC. | |
| Name of publisher, distributor, etc. | MCS, NUST |
| Date of publication, distribution, etc. | April 2002 |
| Place of publication, distribution, etc. | Rawalpindi |
| 300 ## - PHYSICAL DESCRIPTION | |
| Extent | x, 62, p.; |
| 505 ## - FORMATTED CONTENTS NOTE | |
| Formatted contents note | Introduction (page-1) E-Commerce (page-4) Active server pages (page-14) Requirement analysis (page-21) Designing database (page-27) Conclusion (page-47) |
| 538 ## - SYSTEM DETAILS NOTE | |
| System details note | Almirah No 73 Shelf No 1 |
| 650 ## - SUBJECT ADDED ENTRY--TOPICAL TERM | |
| Topical term or geographic name entry element | MSCS Thesis |
| 651 ## - SUBJECT ADDED ENTRY--GEOGRAPHIC NAME | |
| Geographic name | MSCS-7 |
| 942 ## - ADDED ENTRY ELEMENTS (KOHA) | |
| Koha item type | |
| Withdrawn status | Lost status | Source of classification or shelving scheme | Damaged status | Not for loan | Collection code | Permanent Location | Current Location | Date acquired | Total Checkouts | Full call number | Barcode | Date last seen | Price effective from | Koha item type |
|---|---|---|---|---|---|---|---|---|---|---|---|---|---|---|
| Military College of Signals (MCS) | Military College of Signals (MCS) | 12/12/2016 | 005.1 IQB | MCSTCS-158 | 12/08/2016 | 12/12/2016 | Book | |||||||
| Military College of Signals (MCS) | Military College of Signals (MCS) | 12/12/2016 | 005.1 IQB | MCSTCS-28 | 12/08/2016 | 12/12/2016 | Book |
